000 00646nam a22001817a 4500
003 AUA.1
005 20251119173913.0
008 250711b |||||||| |||| 00| 0 eng d
040 _cJTL
100 _aRaharijaona, Haja
_943706
245 _aBuilding a community of mentor :
_bA refuge for student at the public campus of Antananarivo /
_cHaja Raharijaona.
260 _cc2025.
300 _axii,193 leaves :
_bIllustrations :
_c30cm.
650 _aChurch work with youth
650 _aMentoring
_vReligious aspects
_xChristianity
690 _aPublic Campus Ministries
_vSeventh-day Adventists
942 _2aua
_cDISS
_hDMin
_i.R34 2025
999 _c25202
_d25202